| 000 | 01644cam a2200433 i 4500 | ||
|---|---|---|---|
| 001 | 200468077 | ||
| 003 | TR-AnTOB | ||
| 005 | 20260413143005.0 | ||
| 007 | ta | ||
| 008 | 260413s1981 nyu 000 1 eng | ||
| 010 | _a 80024429 | ||
| 020 |
_a0394326679 _q(paperback) |
||
| 020 |
_a9780394326672 _q(paperback) |
||
| 035 | _a1827166 | ||
| 035 | _a(TR-AnTOB)200468077 | ||
| 040 |
_aDLC _beng _erda _cDLC _dDLC _dTR-AnTOB |
||
| 041 | 0 | _aeng | |
| 050 | 0 | 0 |
_aPS1294.C63 _bA6 1981 |
| 090 |
_aPS1294.C63 _bA6 1981 |
||
| 100 | 1 |
_aChopin, Kate, _d1850-1904 _eauthor _4aut _9116579 |
|
| 240 | 1 | 0 |
_aSelected works. _f1981 |
| 245 | 1 | 4 |
_aThe awakening, and selected stories / _cKate Chopin ; introduction by Nina Baym. |
| 250 | _aFirst edition. | ||
| 264 | 1 |
_aNew York : _bModern Library, _c1981. |
|
| 300 |
_alviii, 354 pages ; _c19 cm |
||
| 336 |
_atext _btxt _2rdacontent |
||
| 337 |
_aunmediated _bn _2rdamedia |
||
| 338 |
_avolume _bnc _2rdacarrier |
||
| 490 | 0 | _aModern Library college editions | |
| 500 | _aOriginally published: New York : Random House, 1981 | ||
| 505 | 0 | _aLove on the Bon-Dieu.--Beyond the bayou.--A visit to Avoyelles.--La belle Zorïade [i.e. Zoraïde].--In Sabine.--Ozème's holiday.--A matter of prejudice.--At Chênière Caminada.--A respectable woman.--Regret.--Athénaïse.--A night in Acadie.--The awakening. | |
| 650 | 0 |
_aWomen _zLouisiana _vFiction _9116581 |
|
| 651 | 0 |
_aLouisiana _xSocial life and customs _vFiction _9116582 |
|
| 655 | 7 |
_aFiction _2lcgft _9151487 |
|
| 700 | 1 |
_aBaym, Nina _ewriter of introduction _4win _928123 |
|
| 942 |
_2lcc _cBK |
||
| 999 |
_c200468077 _d86289 |
||